000 00746nam a22002057a 4500
005 20250210160209.0
010 _aENG-143378
020 _c315.00
_a9789354090615
035 _aEN-126910
037 _bDBAD
082 _a751.95294
100 _aAnand, Mulk Raj
_977470
245 _aMadhubani Painting /
_cby Mulk Raj Anand ; edited by Roma Chatterjee
260 _bPublication Division
_c2020
_aNew Delhi
270 _aMinistry Of Information and Broadcasting Govt. Of India, Soochna Bhawan CGO Complex,
_bNew Delhi
_e110003
300 _a60p.:
_c29cm(Hb)
_billus. Color
500 _aVol 1 Sections ! to 247 Vol 2 Sections 248 to 531 Schedules
700 _aChatterjee ,Roma
_977471
942 _2ddc
_cEN
_mANA
_h751.95294
999 _c208968
_d208968